000
002490000a22000970004500
100
1
_a
Bazak, Jacob
245
1
0
_a
Numerical devices in biblical today
300
_a
38, Num. 3 (Julio, 1988), Páginas 333-337
773
0
_t
Vetus Testamentum
942
_c
ANA
999
_c
57425
_d
57425